LEADER 01090nam a2200265 u 4500 001 000000000662 003 CaOOAMICUS 005 20070226104227.0 008 940811s1949 it u000 u ita u 035 $a10012428 040 $aPUL(R)$bita 041 1 $aita$hger 100 1 $aKeyserling, Hermann Alexander,$cGraf von,$d1880-1946.$0(OLS)http://pul/name/730 240 10$aNeuentstehende Welt.$lItaliano.$0(OLS)http://pul/title/917 245 10$aPresagi di un mondo nuovo /$cHermann Keyserling ; Traduzioni di Guido Gentilli. 260 $aMilano :$bEdizioni di Comunità,$c1949. 300 $a190 p. ;$c23 cm 650 4$aProgresso.$0(OLS)http://pul/subject/712 700 1 $aGentilli, Guido.$0(OLS)http://pul/name/731 850 $aPUL 852 $aPUL$W1$xDP1 Cons. Gen., Altre Classi 1$y22$m46 N 43$j856$nBK-PRI$b $qStampati$B856$CPULBib$Z2$F856 $H $81 941 1 $a8 961 $aINV: 14092 996 $6245$aPresagi di un mondo nuovo$9(OLS)http://pul/title/918 996 $6260$aMilano :$bEdizioni di Comunità$9(OLS)http://pul/publisher/48252 LEADER 00997nam a2200253 u 4500 001 000000010055 003 CaOOAMICUS 005 20070226105255.0 008 940516s1961 fr u000 u fre u 035 $a10249932 040 $aPUL$bita 100 1 $aLe Roux, Françoise.$0(OLS)http://pul/name/9897 245 14$aLes druides /$cFrançoise Le Roux. 260 $aParis :$bPresses Universitaires de France,$c1961. 300 $a156 p. ;$c19 cm 490 1 $aMythes et religions ;$v41 504 $aBibliography: p. [153]-154. 650 0$aDruids and Druidism.$2//eng$0(OLS)http://pul/subject/8114 830 0$aMythes et religions ;$v41.$0(OLS)http://pul/title/211 850 $aPUL 852 $aPUL$W1$xDP1 Fondo Cecchetti$y53$m283 A 28$j14274$nBK-PRI$b $qFondi$B14274$CPULBib$Z2$F14274 $HPUL5543 $81 941 1 $a1 996 $6245$aLes druides$9(OLS)http://pul/title/14710 996 $6260$aParis :$bPresses Universitaires de France$9(OLS)http://pul/publisher/47940